<?xml version="1.0" encoding="UTF-8"?>
<marc:record xmlns:marc="http://www.loc.gov/MARC21/slim">
   <marc:leader>00000nam a2200000 a 4500</marc:leader>
   <marc:datafield ind1="1" ind2=" " tag="100">
      <marc:subfield code="a">Werny, Lilly</marc:subfield>
      <marc:subfield code="4">aut</marc:subfield>
      <marc:subfield code="e">Verfasser/-in</marc:subfield>
   </marc:datafield>
   <marc:datafield ind1=" " ind2=" " tag="653">
      <marc:subfield code="a">Kindersachbuch</marc:subfield>
   </marc:datafield>
   <marc:datafield ind1=" " ind2=" " tag="653">
      <marc:subfield code="a">Spielerisches Lernen: Kreativität</marc:subfield>
   </marc:datafield>
   <marc:datafield ind1=" " ind2=" " tag="653">
      <marc:subfield code="a">Game-Ideen</marc:subfield>
   </marc:datafield>
   <marc:datafield ind1=" " ind2=" " tag="653">
      <marc:subfield code="a">stop motion</marc:subfield>
   </marc:datafield>
   <marc:datafield ind1="0" ind2="0" tag="245">
      <marc:subfield code="a">Digital genial!</marc:subfield>
   </marc:datafield>
   <marc:datafield ind1="0" ind2="0" tag="245">
      <marc:subfield code="b">Schritt für Schritt zum Medienprofi : dein Kreativbuch für Storys, Hörspiele, Stop-Motion &amp; Game-Ideen</marc:subfield>
   </marc:datafield>
   <marc:datafield ind1=" " ind2="1" tag="264">
      <marc:subfield code="b">frechverlag GmbH</marc:subfield>
      <marc:subfield code="c">2026</marc:subfield>
   </marc:datafield>
   <marc:datafield ind1="1" ind2=" " tag="490">
      <marc:subfield code="a">Topp</marc:subfield>
   </marc:datafield>
   <marc:datafield ind1="1" ind2=" " tag="520">
      <marc:subfield code="a">Medienkompetenz mit Spaß &amp; Kreativität!

Dieses interaktive Mitmach-Buch macht Kinder ab 8 Jahren fit im Umgang mit digitalen Medien – und das auf kreative und spielerische Weise. Ob Zuhause, in der Schule oder in AGs – Kinder werden zu echten Medienmacher:innen, lernen ihre Stimme einzusetzen, Geschichten zu erzählen und sicher mit Medien umzugehen. 

Mit diesem Buch entdecken Kinder eine große Vielfalt an Medienformaten: Sie lernen, eigene Audio- und Videogeschichten von der ersten Idee bis zum fertigen Clip zu produzieren und können auch Hörspiele, Interviews oder Erklärvideos kreativ umsetzen. Unterstützt werden sie dabei durch digitale Vorlagen, Schritt-für-Schritt-Anleitungen und kindgerechte Erklärvideos, die den kreativen Prozess leicht umsetzbar machen.

Mit dem Wissen der erfahrenen Medienpädagogin fördert dieses Buch spielerisch Kreativität, Ausdruckskraft und Medienverständnis und bietet Kindern die Möglichkeit, eine Medienkompetenz zu entwickeln. So entstehen einzigartige Ergebnisse, die Kinder stolz präsentieren können.

Das erwartet dich:

    kindgerechte Förderung von Kreativität, Ausdruckskraft &amp; Medienverständnis
    verschiedene Medienformate anschaulich erklärt
    entwickelt von einer erfahrenen Medienpädagogin
    mit digitalen Vorlagen, Schritt-für-Schritt-Anleitungen &amp; Erklärvideos zum Ausprobieren und Selbermachen
    eigene Hörspiele, Interviews u. v. m. produzieren
    Altersempfehlung: ab 8 Jahren</marc:subfield>
   </marc:datafield>
   <marc:datafield ind1=" " ind2=" " tag="020">
      <marc:subfield code="a">9783735892690</marc:subfield>
      <marc:subfield code="9">9783735892690</marc:subfield>
   </marc:datafield>
</marc:record>
